000 00414nam a2200145Ia 4500
008 230917s9999||||xx |||||||||||||| ||und||
040 _e58520
_aMAIN
041 _aEnglish
082 _a381.41 P886A
100 _aPrasad, A Sivarama
245 0 _aAgricultural marketing in India: case study of selected regulated markets in Andhra Pradesh
260 _aDelhi
_bMittal
_c1985
300 _axx, 472 p.
942 _cBK
999 _c47493
_d47493